Biblioteca y Centro de Documentación

El futuro del trabajo en Europa (Registro nro. 48193)

Detalles MARC
000 -CABECERA
Longitud fija campo de control 01142nam a2200289 4500
001 - NÚMERO DE CONTROL
Número de control 48193
003 - IDENTIFICADOR DE NÚMERO DE CONTROL
Identificador del número de control ES-MaCES
005 - FECHA Y HORA DE LA ÚLTIMA TRANSACCIÓN
Fecha y hora de la última transacción 20180725133451.0
008 - CAMPO FIJO DE DESCRIPCIÓN FIJA--INFORMACIÓN GENERAL
Códigos de información de longitud fija   160922s2000 sp ||||| t||||||| ||spa d
040 ## - FUENTE DE CATALOGACIÓN
Centro catalogador de origen ES-MaCES
Lengua de catalogación spa
Centro transcriptor ES-MaCES
Centro modificado ES-MaCES
100 1# - ENCABEZAMIENTO PRINCIPAL--NOMBRE PERSONAL
9 (RLIN) 11073
Nombre de persona Durán, María Ángeles
245 13 - MENCIÓN DE TÍTULO
Título El futuro del trabajo en Europa
Mención de responsabilidad, etc. María de los Angeles Durán
650 #4 - ASIENTO SECUNDARIO DE MATERIA--TÉRMINO DE MATERIA
9 (RLIN) 28292
Término de materia o nombre geográfico como elemento inicial mercado de trabajo
650 #4 - ASIENTO SECUNDARIO DE MATERIA--TÉRMINO DE MATERIA
9 (RLIN) 28299
Término de materia o nombre geográfico como elemento inicial empleo
650 #4 - ASIENTO SECUNDARIO DE MATERIA--TÉRMINO DE MATERIA
9 (RLIN) 30756
Término de materia o nombre geográfico como elemento inicial futuro del trabajo
650 #4 - ASIENTO SECUNDARIO DE MATERIA--TÉRMINO DE MATERIA
9 (RLIN) 28414
Término de materia o nombre geográfico como elemento inicial trabajador
650 #4 - ASIENTO SECUNDARIO DE MATERIA--TÉRMINO DE MATERIA
9 (RLIN) 27300
Término de materia o nombre geográfico como elemento inicial clase trabajadora
650 #4 - ASIENTO SECUNDARIO DE MATERIA--TÉRMINO DE MATERIA
9 (RLIN) 28390
Término de materia o nombre geográfico como elemento inicial sistema de remuneración
650 #4 - ASIENTO SECUNDARIO DE MATERIA--TÉRMINO DE MATERIA
9 (RLIN) 28387
Término de materia o nombre geográfico como elemento inicial salario
650 #4 - ASIENTO SECUNDARIO DE MATERIA--TÉRMINO DE MATERIA
9 (RLIN) 29526
Término de materia o nombre geográfico como elemento inicial trabajo no remunerado
650 #4 - ASIENTO SECUNDARIO DE MATERIA--TÉRMINO DE MATERIA
9 (RLIN) 30651
Término de materia o nombre geográfico como elemento inicial cuidado no profesional
650 #4 - ASIENTO SECUNDARIO DE MATERIA--TÉRMINO DE MATERIA
9 (RLIN) 26940
Término de materia o nombre geográfico como elemento inicial Europa
653 10 - TÉRMINO DE INDEXACIÓN--NO CONTROLADO
Término no controlado Empleo
773 0# - ENTRADA DE DOCUMENTO FUENTE
Itemnumber del ítem fuente 14481
Encabezamiento principal Curso de Verano "Nuevos Objetivos de Igualdad en el Siglo XXI : las Relaciones entre Mujeres y Hombres"
Lugar, editor y fecha de publicación [Madrid] Dirección General de la Mujer, Comunidad de Madrid [2000]
Otro identificador del documento 043907
Título Nuevos objetivos de igualdad en el siglo XXI
Número de control del registro relacionado (ES-MaCES)12691
Número Internacional Normalizado para Libros (ISBN) 8445119516
Parte(s) relacionada(s) p. 25-74 . - DPT-12055
902 ## - CES. TIPO DE DOCUMENTO
Tipodoc (006$c Sirtex) ARL Artículo de libro
942 ## - ELEMENTOS KOHA
Fuente de clasificaión o esquema Clasificación propia del CES
Koha [por defecto] tipo de item Artículos (1982-2017)
Parte de clasificación Relaciones Laborales y Rel. Lab.- Empleo

No hay ítems disponibles.

© CES, Consejo Económico y Social de España 2021